000 00516cam a22001697a 4500
008 180718b1999 xxu||||| |||| 00| 0 eng d
020 _a817662022X
082 _aT19x54 M474l
100 _aMehta, S.S.
245 _aLaunching India into the 21st century
_cby S.S. Mehta
260 _aNew Delhi
_bMinerva Press
_c1999
300 _a303p.
650 _aTwentyfirst century - Forcastes
650 _aIndia - Army - reorganization
650 _aAdministrative reforms - India
650 _aIndia - Economic conditions
999 _c390412
_d390412